000 00645cam a22002413a 4500
001 9312
003 PGUSA
005 20140828083210.0
008 041117s2004||||xxu|||||s|||||000 1 eng d
040 _aPGUSA
_beng
042 _adc
050 4 _aPR
100 1 _aBarr, Robert,
_d1850-1912
245 1 0 _aFrom Whose Bourne
_h[electronic resource] /
_cRobert Barr
260 _bProject Gutenberg,
_c2004
506 _aPublic domain in the USA.
516 _aElectronic text
653 _aGhosts -- Fiction
653 _aMystery fiction
830 0 _aProject Gutenberg
_v9312
856 4 0 _uhttp://www.gutenberg.org/ebooks/9312
942 _cEB
999 _c238568
_d238568